Fahrenheit 451 / (Record no. 177269)
[ view plain ]
| 000 -CABECERA | |
|---|---|
| campo de control de longitud fija | 02419nam a2200373Ia 4500 |
| 001 - NÚMERO DE CONTROL | |
| campo de control | dia_6062 |
| 003 - IDENTIFICADOR DEL NÚMERO DE CONTROL | |
| campo de control | CHAP |
| 005 - FECHA Y HORA DE LA ÚLTIMA TRANSACCIÓN | |
| campo de control | 20230425121319.0 |
| 008 - DATOS DE LONGITUD FIJA--INFORMACIÓN GENERAL | |
| campo de control de longitud fija | 220117s2011 xx 000 0 und d |
| 010 ## - NÚMERO DE CONTROL DE LA BIBLIOTECA DEL CONGRESO | |
| Número de control de LC | 177269 |
| 020 ## - NÚMERO INTERNACIONAL ESTÁNDAR DEL LIBRO | |
| Número Internacional Estándar del Libro | 978-607-310-737-2 |
| 040 ## - FUENTE DE LA CATALOGACIÓN | |
| Centro/agencia transcriptor | CHAP |
| 082 ## - NÚMERO DE LA CLASIFICACIÓN DECIMAL DEWEY | |
| Número de clasificación | 808.838762 B73 F34 2011 |
| 100 ## - ENTRADA PRINCIPAL--NOMBRE DE PERSONA | |
| Nombre de persona | Bradbury, Ray |
| 9 (RLIN) | 14946 |
| 245 ## - MENCIÓN DE TÍTULO | |
| Título | Fahrenheit 451 / |
| Mención de responsabilidad, etc. | Ray Bradbury ; traducción Alfredo Crespo |
| 250 ## - MENCIÓN DE EDICIÓN | |
| Mención de edición | 2a ed. |
| 260 ## - PUBLICACIÓN, DISTRIBUCIÓN, ETC. | |
| Lugar de publicación, distribución, etc. | México : |
| Nombre del editor, distribuidor, etc. | Random House Mondadori, |
| Fecha de publicación, distribución, etc. | 2011 |
| 300 ## - DESCRIPCIÓN FÍSICA | |
| Extensión | 174 p. |
| 440 ## - MENCIÓN DE SERIE/PUNTO DE ACCESO ADICIONAL--TÍTULO | |
| Título | DeBolsillo Contemporánea (Penguin Random House) |
| 9 (RLIN) | 160717 |
| 503 ## - NOTA DE HISTORIA BIBLIOGRÁFICA (BK CF MU) [OBSOLETO] | |
| Nota de historia bibliográfica | C. |
| 520 2# - SUMARIO, ETC. | |
| Sumario, etc. | Fahrenheit 451 es una novela distópica del escritor estadounidense Ray Bradbury, publicada en 1953 y considerada una de sus mejores obras. La novela presenta una sociedad estadounidense del futuro en la que los libros están prohibidos y existen «bomberos» que queman cualquiera que encuentren. En la escala de temperatura Fahrenheit (°F), 451 grados equivalen a 232,8 °C y su significado se explica en el subtítulo de la obra: «Fahrenheit 451: la temperatura a la que el papel de los libros se inflama y arde». El protagonista del relato es un bombero llamado Montag que acaba por cansarse de su papel como censurador de conocimiento, decide renunciar a su trabajo y finalmente se une a un grupo de resistencia que se dedica a memorizar y compartir las mejores obras literarias del mundo.<br/><br/>La novela ha sido objeto de interpretaciones que se enfocan en el papel histórico que ha tenido la quema de libros para reprimir ideas disidentes. En una entrevista de radio de 1956, Bradbury afirmó haber escrito Fahrenheit 451 por sus preocupaciones durante la era McCarthy de la amenaza de quema de libros en los Estados Unidos. En años posteriores lo describió como un comentario sobre la forma en que los medios de comunicación de masas reducen el interés por la literatura. |
| 590 ## - NOTA LOCAL (RLIN) | |
| Nota local | PQ6256.S3 F34 2011 |
| 650 #0 - PUNTO DE ACCESO ADICIONAL DE MATERIA--TÉRMINO DE MATERIA | |
| Término de materia o nombre geográfico como elemento de entrada | American literature |
| Subdivisión cronológica | 20th century |
| 9 (RLIN) | 153260 |
| 650 ## - PUNTO DE ACCESO ADICIONAL DE MATERIA--TÉRMINO DE MATERIA | |
| Término de materia o nombre geográfico como elemento de entrada | Book burning |
| Subdivisión general | Fiction |
| 9 (RLIN) | 160718 |
| 650 ## - PUNTO DE ACCESO ADICIONAL DE MATERIA--TÉRMINO DE MATERIA | |
| Término de materia o nombre geográfico como elemento de entrada | Censura |
| Subdivisión general | Novela |
| 9 (RLIN) | 160719 |
| 650 ## - PUNTO DE ACCESO ADICIONAL DE MATERIA--TÉRMINO DE MATERIA | |
| Término de materia o nombre geográfico como elemento de entrada | Fiction |
| 9 (RLIN) | 152751 |
| 650 #0 - PUNTO DE ACCESO ADICIONAL DE MATERIA--TÉRMINO DE MATERIA | |
| Término de materia o nombre geográfico como elemento de entrada | Literatura americana |
| Subdivisión cronológica | Siglo XX |
| 9 (RLIN) | 153261 |
| 650 ## - PUNTO DE ACCESO ADICIONAL DE MATERIA--TÉRMINO DE MATERIA | |
| Término de materia o nombre geográfico como elemento de entrada | Novela |
| 9 (RLIN) | 82011 |
| 700 ## - PUNTO DE ACCESO ADICIONAL--NOMBRE DE PERSONA | |
| Nombre de persona | Crespo, Alfredo, tr. |
| 9 (RLIN) | 140416 |
| 901 ## - ELEMENTOS DE DATOS A LOCAL LDA (RLIN) | |
| a | 808.838762 B73 F34 2011 |
| 902 ## - ELEMENTOS DE DATOS B LOCAL, LDB (RLIN) | |
| a | A |
| 905 ## - ELEMENTOS DE DATOS E LOCAL, LDE (RLIN) | |
| a | 5232272011 mx x 9222223332spa16 |
| 942 ## - ELEMENTOS DE PUNTO DE ACCESO ADICIONAL (KOHA) | |
| Tipo de ítem Koha | Libro |
| Fuente del sistema de clasificación o colocación | Dewey Decimal Classification |
| Estado de retiro | Estado de pérdida | Fuente del sistema de clasificación o colocación | Estado dañado | No para préstamo | Código de colección | Localización permanente | Ubicación/localización actual | Ubicación en estantería | Fecha de adquisición | Información codificada de la localización en otra ubicación | Total de préstamos | Código de barras | Fecha visto por última vez | Fecha del último préstamo | Número de copia | Precio válido a partir de | Tipo de ítem Koha |
|---|---|---|---|---|---|---|---|---|---|---|---|---|---|---|---|---|---|
| Dewey Decimal Classification | General | Ingenieria Agroindustrial | Ingenieria Agroindustrial | 18/01/2022 | 1 | 4 | dia_009643 | 03/06/2024 | 13/05/2024 | 1 | 18/01/2022 | Libro |
